Integrácia vyspelých akciových trhov a trhov krajín V4 bakalárska práca

Salvato in:
Dettagli Bibliografici
Autore principale: Stanko, Tibor
Ente Autore: Podnikovohospodárska fakulta EU so sídlom v Košiciach. Katedra ekonómie
Altri autori: Baumöhl, Eduard, 1982-
Natura: Libro
Lingua:slovacco
Pubblicazione: Košice 2013
Tags: Aggiungi Tag
Nessun Tag, puoi essere il primo ad aggiungerne!!

MARC

LEADER 00000nam a2200000 4500
001 0182688
005 20240827092432.9
041 0 |a slo 
044 |a SK 
245 1 0 |a Integrácia vyspelých akciových trhov a trhov krajín V4  |b bakalárska práca  |c Tibor Stanko ; školiteľ: Eduard Baumöhl 
264 1 |a Košice  |c 2013 
300 |a 37 s. 
100 1 |a Stanko, Tibor 
700 1 |a Baumöhl, Eduard, 1982- 
710 2 |a Podnikovohospodárska fakulta EU so sídlom v Košiciach. Katedra ekonómie